Slovensko-anglický slovník /

Main Author: Vilikovská, Júlia, 1909-1984
Other Authors: Vilikovský, Pavel, 1941-2020
Language: Slovak
English
Published: Bratislava : Slovenské pedagogické nakladateľstvo, 1971
Edition: 3. vyd.
Physical Description: 522 s.
Book
Saved in:
LEADER 01062nam a22003132a 4500
001 000964882
003 CZ BrMZK
005 20180924103959.0
007 ta
008 090908s1971 xo er|||||||||||slo d
040 |a BOA001  |b cze 
041 0 |a slo  |a eng 
072 7 |a 81  |x Lingvistika. Jazyky  |2 Konspekt  |9 11 
080 |a 811.162.4  |2 MRF 
080 |a 811.111  |2 MRF 
080 |a (038)81  |2 MRF 
100 1 |a Vilikovská, Júlia,  |d 1909-1984  |7 jx20040622046  |4 aut 
245 1 0 |a Slovensko-anglický slovník /  |c Júlia Vilikovská, Pavel Vilikovský 
250 |a 3. vyd. 
260 |a Bratislava :  |b Slovenské pedagogické nakladateľstvo,  |c 1971 
300 |a 522 s. 
650 0 7 |a slovenština  |7 ph125682  |2 czenas 
650 0 7 |a angličtina  |7 ph114056  |2 czenas 
655 7 |a dvojjazyčné překladové slovníky  |7 fd208746  |2 czenas 
700 1 |a Vilikovský, Pavel,  |d 1941-2020  |7 jn20000620409  |4 aut 
910 |a BOA001  |b 1-0424.663-71 
990 |a BK 
991 |b 200909 
996 7 |b 2619421253  |c 1-0424.663-71  |l MZK  |r Sklad / do 1 hodiny  |n 0  |w 000964882  |u 000010  |a 1  |e BOA001  |j MZK50  |s A